Countries where Sabrina Carpenter have been on tour - Statistics

General Stats
  • This quiz has been taken 13 times
  • The average score is 18 of 20
Answer Stats
Tours Countries % Correct
Evolution Tour;The De-Tour; Singular Tour; Emails I Can't Send; Short N' Sweet Canada
100%
Evolution Tour; Short N' Sweet Italy
100%
Evolution Tour;The De-Tour; Singular Tour; Emails I Can't Send; Short N' Sweet United States
100%
Short N' Sweet Denmark
92%
Evolution Tour;Emails I Can't Send; Short N' Sweet France
92%
Evolution Tour;Emails I Can't Send; Short N' Sweet Germany
92%
Emails I Can't Send; Short N' Sweet Ireland
92%
Singular Tour; Emails I Can't Send Japan
92%
Emails I Can't Send; Short N' Sweet Netherlands
92%
Short N' Sweet Norway
92%
Emails I Can't Send Philippines
92%
Short N' Sweet Switzerland
92%
Evolution Tour; Emails I Can't Send; Short N' Sweet United Kingdom
92%
Evolution Tour;Emails I Can't Send; Short N' Sweet Belgium
83%
Singular Tour South Korea
83%
Emails I Can't Send; Short N' Sweet Sweden
83%
Emails I Can't Send Indonesia
75%
Emails I Can't Send Thailand
75%
Emails I Can't Send Malaysia
67%
Singular Tour; Emails I Can't Send Singapore
67%
No matching quizzes found
Score Distribution
Percent of People with Each Score
Percentile by Number Answered
Your Score History
You have not taken this quiz